| 000 | 01639cab a2200301 4500 | ||
|---|---|---|---|
| 001 | X3553 | ||
| 008 | 090401t1996 xxu||||| |||| 00| 0 eng d | ||
| 035 | _a(Sirsi) u31129 | ||
| 041 | _aeng | ||
| 245 | _aR v Northumbrian Water Ltd ex parte Able UK Ltd | ||
| 260 | _c1996 | ||
| 350 | _a0 | ||
| 490 |
_aProperty and Compensation Reports _v[1996] P&CR 95-105(11) |
||
| 520 | _aQBD 1 December 1995. N made compulsory purchase order for land owned by A for construction of a new sewage treatment works. As the works were urgent N served notice to treat followed by a notice of entry. Possession was taken shortly afterwards, with a view to safeguarding the land from effects of A`s adjoining waste disposal operations. On application A received a certificate of alternative development including the disposal of hazardous waste. A then submitted a notice of claim £22m. N sought to withdraw notice to treat, with the land in the same state as at the date the notice was served. A argued there was no right to withdraw after possession and that advance payment received could be retained. "Held" A`s claim dismissed. | ||
| 650 | _aADVANCE PAYMENT | ||
| 650 | _aALTERNATIVE DEVELOPMENT CERTIFICATE | ||
| 650 | _aLAND COMPENSATION ACT 1961 S31 | ||
| 650 | _aNOTICE OF ENTRY | ||
| 650 | _aNOTICE TO TREAT | ||
| 650 | _aPOSSESSION | ||
| 650 | _aR V NORTHUMBRIAN WATER LTD EX P ABLE UK LTD | ||
| 650 | _aSEWAGE TREATMENT WORKS | ||
| 650 | _aVALIDITY | ||
| 650 | _aWITHDRAWAL | ||
| 690 | _aENVIRONMENTAL AND LAND CONSULTANCY-PLANNING AND DEVELOPMENT-COMPULSORY PURCHASE AND COMPENSATION | ||
| 942 | _n0 | ||
| 948 | _c04/03/1997 | ||
| 999 |
_c20911 _d20911 |
||